| 000 | 00426 a2200145 4500 | ||
|---|---|---|---|
| 005 | 20260417115744.0 | ||
| 008 | 260220b |||||||| |||| 00| 0 eng d | ||
| 080 |
_aFH _bYAD/M |
||
| 100 | _a Yadav, Rajendra | ||
| 245 | _aMein hans nahin padata(में हंस नहीं पढ़ता) | ||
| 260 |
_bVani Prakashan. _aNew Delhi. _c2005. |
||
| 300 | _a164p. | ||
| 653 | _aFiction-Novel-Hindi Literature | ||
| 942 | _cOO | ||
| 999 |
_c114103 _d114102 |
||